000 01308nam a2200325Ia 4500
001 ebr10135622
003 CaPaEBR
006 m u
007 cr cn|||||||||
008 050519s2006 nyu sb 001 0 eng d
010 _z 2005050221
020 _z1403977267
020 _z140396825X
040 _aCaPaEBR
_cCaPaEBR
035 _a(OCoLC)560467116
050 1 4 _aGV1588
_b.L315 2006eb
082 0 4 _a792.8/01
_222
100 1 _aLaMothe, Kimerer L.
245 1 0 _aNietzsche's dancers
_h[electronic resource] :
_bIsadora Duncan, Martha Graham, and the revaluation of Christian values /
_cKimerer L. LaMothe.
260 _aNew York :
_bPalgrave Macmillan,
_cc2006.
300 _axv, 269 p.
504 _aIncludes bibliographical references (p. 255-264) and index.
533 _aElectronic reproduction.
_bPalo Alto, Calif. :
_cebrary,
_d2009.
_nAvailable via World Wide Web.
_nAccess may be limited to ebrary affiliated libraries.
600 1 0 _aNietzsche, Friedrich Wilhelm,
_d1844-1900
_xInfluence.
650 0 _aDance
_xPhilosophy.
650 0 _aDance
_xReligious aspects
_xChristianity.
655 7 _aElectronic books.
_2local
710 2 _aebrary, Inc.
856 4 0 _uhttp://site.ebrary.com/lib/rucke/Doc?id=10135622
_zAn electronic book accessible through the World Wide Web; click to view
999 _c87540
_d87540